Visualizzazione normale
Vista MARC
- Kessel Joseph
di Personal Name
Records bibliografici associati: 1
001 - CONTROL NUMBER
- control field: 43924
003 - CONTROL NUMBER IDENTIFIER
- control field: IT-RoPau
005 - DATE AND TIME OF LATEST TRANSACTION
- control field: 20151127120455.0
008 - FIXED-LENGTH DATA ELEMENTS
- fixed length control field: 151127|| aca||aabn | a|a d
040 ## - CATALOGING SOURCE
- Original cataloging agency: IT-RoPau
- Transcribing agency: IT-RoPau
100 ## - HEADING--PERSONAL NAME
- Personal name: Kessel Joseph
- Relator term: (soggetto)
- Miscellaneous information: Codice Soggetto SPICS: 58529
670 ## - SOURCE DATA FOUND
- Source citation: Work cat.: (IT-RoPau)105890: Bunuel Luis Codice regista SPICS: 8694 36748, BELLA DI GIORNO BELLA DI GIORNO (Rif. Codice opera principale : H6422)